000 00800nam a2200241 i 4500
001 7940
003 ES-MaACL
005 20250727022512.0
007 t|
008 910612s1990 sp ||||1| spa d
020 _a84-206-2663-5
080 _a141.319.8
100 1 _aDescartes, René,
_d1596-1650
_943838
245 1 3 _aEl Tratado del hombre /
_cRene Descartes ; edicion a cargo de Guillermo Quintas.
260 _aMadrid :
_bAlianza,
_cD.L. 1990.
300 _a120 p. :
_bil. ;
_c20 cm.
490 1 _aAlianza universidad. Filosofía ;
_v663
650 7 _aAntropología filosófica
_2embne
_99891
700 1 _aQuintas, Guillermo.
_994710
830 0 _aAlianza universidad. Filosofía ;
_v663
_9178002
852 _aES-MaACL
_jL-15350
_bR.119540
_z. - rust.
999 _c7940
_d7940